MARC details
| 000 -CABECERA |
| campo de control de longitud fija |
01005nam a2200241 u 4500 |
| 005 - FECHA Y HORA DE LA ÚLTIMA TRANSACCIÓN |
| campo de control |
20210223133820.0 |
| 008 - ELEMENTOS DE LONGITUD FIJA--INFORMACIÓN GENERAL |
| campo de control de longitud fija |
190607s2018 mx r 000 0 spa d |
| 020 ## - NÚMERO INTERNACIONAL NORMALIZADO PARA LIBROS |
| Número Internacional Estándar del Libro |
9786074792980 (El Colegio de la Frontera) |
| 020 ## - NÚMERO INTERNACIONAL NORMALIZADO PARA LIBROS |
| Número Internacional Estándar del Libro |
9786077114697 (Juan Pablos) |
| 035 ## - NÚMERO DE CONTROL DEL SISTEMA |
| Número de control de sistema |
UPN01000231097 |
| 049 ## - COLECCIÓN |
| Colección |
CG |
| 050 #4 - SIGNATURA TOPOGRÁFICA DE LA BIBLIOTECA DEL CONGRESO |
| Número de clasificación |
F1219.76 D3.5 |
| Número de documento/Ítem |
O4.2 |
| 100 1# - ASIENTO PRINCIPAL--NOMBRE PERSONAL |
| Nombre de persona |
Olivas Hernández, Olga Lidia |
| 9 (RLIN) |
43123 |
| 245 10 - MENCIÓN DE TÍTULO |
| Título |
Danzar la frontera : |
| Resto del título |
procesos socioculturales en la tradición de danza azteca en las Californias / |
| Mención de responsabilidad, etc. |
Olga Lidia Olivas Hernández. |
| 260 ## - PUBLICACIÓN, DISTRIBUCIÓN, ETC. |
| Lugar de publicación, distribución, etc. |
Ciudad de México : |
| Nombre del editor, distribuidor, etc. |
Juan Pablos : |
| -- |
El Colegio de la Frontera Norte, |
| Fecha de publicación, distribución, etc. |
2018. |
| 300 ## - DESCRIPCIÓN FÍSICA |
| Extensión |
318 p. : |
| Otras características físicas |
il., mapas |
| 650 #4 - ASIENTO SECUNDARIO DE MATERIA - TERMINO TEMATICO |
| Término de materia o nombre geográfico como elemento de entrada |
DANZA AZTECA - |
| Subdivisión general |
ASPECTOS SOCIALES - |
| Subdivisión geográfica |
SAN DIEGO, ESTADOS UNIDOS |
| 9 (RLIN) |
27723 |
| 650 #4 - ASIENTO SECUNDARIO DE MATERIA - TERMINO TEMATICO |
| Término de materia o nombre geográfico como elemento de entrada |
DANZA AZTECA - |
| Subdivisión general |
ASPECTOS SOCIALES - |
| Subdivisión geográfica |
LOS ANGELES, ESTADOS UNIDOS |
| 9 (RLIN) |
27724 |
| 650 #4 - ASIENTO SECUNDARIO DE MATERIA - TERMINO TEMATICO |
| Término de materia o nombre geográfico como elemento de entrada |
DANZA AZTECA - |
| Subdivisión general |
ASPECTOS SOCIALES - |
| Subdivisión geográfica |
TIJUANA, BAJA CALIFORNIA |
| 9 (RLIN) |
27725 |
| 650 #4 - ASIENTO SECUNDARIO DE MATERIA - TERMINO TEMATICO |
| Término de materia o nombre geográfico como elemento de entrada |
BAILES FOLKLORICOS |
| 9 (RLIN) |
7444 |
| 905 ## - TIPO DE MATERIAL |
| Tipo de material |
Libro |